| 000 | 00398nam a2200145Ia 4500 | ||
|---|---|---|---|
| 008 | 210210b2002 xxu||||| |||| 00| 0 eng d | ||
| 082 | _a820 REEE | ||
| 100 | _aREES (R J). | ||
| 245 | _aEnglish Literature: an introduction for foreign readers. | ||
| 260 |
_aDelhi _bMacmillan India Ltd. _c2002 |
||
| 300 | _a250 | ||
| 650 | _aEnglish Literature | ||
| 690 | _aEnglish Literature | ||
| 906 | _a059082 | ||
| 999 |
_c106056 _d106056 |
||